000 00927nam a2200229Ia 4500
999 _c36021
_d36021
001 1920
003 GE_BSU
005 20221011154926.0
008 181216s2006ru xx |||||||||||||| ||rus||
010 _a5699113630
040 _cGE_BSU
041 _arus
080 _a340.1(4)(075.8) В-24
245 _aВведение в право Европейского союза :
_bУчебное пособие для студ. вузов /
_cОтв. ред. С.Ю. Кашкин
264 _aМосква :
_bЭксомо,
_c2006.
300 _a368 с.:
_b20 см
653 _aВведение в право Европейского союза
653 _aევროკავშირის სამართლის შესავალი
653 _aსამართლი
700 _aКашкин, С.Ю.
_eპასუხისმგებელი რედაქტორი
_915252
942 _cBK
_2udc